| 000 | 00777nam a2200241Ia 4500 | ||
|---|---|---|---|
| 003 | GCL | ||
| 008 | 140319s9999 xx 000 0 ara d | ||
| 040 |
_aGCL / _cGCL |
||
| 082 | 0 | 4 |
_a371.333 _bا و |
| 100 | 1 | _aجابر عبدالحميد جابر | |
| 245 | 1 | 0 |
_aالوسائل التعليمية و المنهج / _cجابر عبدالحميد جابر |
| 700 | 1 | _aاحمد خيرى محمد كاظم | |
| 260 |
_a[S.N] : _bدار النهضة العربية ، _c1990 |
||
| 300 | _a411 ص | ||
| 490 | _a | ||
| 650 | 0 | 4 | _aالتعليم |
| 650 | 0 | 4 | _aاشرطة التسجيل |
| 650 | 0 | 4 | _aالوسائل السمعية والبصرية |
| 650 | 0 | 4 | _aالصور |
| 650 | 0 | 4 | _aالافلام |
| 650 | 0 | 4 | _aالمواد غير المطبوعة |
| 942 |
_2ddc _cBK |
||
| 999 |
_c31148 _d31148 |
||